LEADER 00822nas a2200181 i 4500 001 000000018453 003 CaOOAMICUS 005 20180830125444.0 008 180830n it u0 ita u 040 $aSeMil$bita 245 10$aAZ Panorama :$benciclopedia monografica della letteratura /$cCollana diretta da Giovanni Enriques, Edgardo Macorini, Geno Pampaloni. 260 $aBologna :$bNicola Zanichelli,$c[19--?] 300 $av. ;$c25 cm. 700 1 $aEnriques, Giovanni.$0(OLS)http://semarc/name/8310 700 1 $aPampaloni, Geno,$d<1918-2001>.$0(OLS)http://semarc/name/90022 700 1 $aMacorini, Edgardo.$0(OLS)http://semarc/name/6906 996 $6245$aAZ Panorama :$benciclopedia monografica della letteratura$9(OLS)http://semarc/title/24297 996 $6260$aBologna :$bNicola Zanichelli$9(OLS)http://semarc/publisher/30307 LEADER 01172nam a2200277 i 4500 001 000000112995 003 CaOOAMICUS 005 20030310000000.0 008 030310s1998 ph u000 u eng u 013 $a85679 020 $a971-501-759-2 040 $aSeMil$bita 100 1 $aLobinger, F.$0(OLS)http://semarc/name/47294 245 10$aLike his brothers and sisters :$bordaining community leaders /$cF. Lobinger. 260 $a[s.l.] :$bClaretian Publications,$c1998. 300 $a208 p. ;$c21 cm. 500 $aFondo Card. C.M. Martini. 650 4$aChiesa cattolica - Laici - Ordinazione sacerdotale.$0(OLS)http://semarc/subject/20425 650 4$aChiesa cattolica - Mancanza di preti.$0(OLS)http://semarc/subject/18388 850 $aSeMil 852 $aSeMil$W1$xVenegono$y1$m3G III 100$j68712$B68712$CSeMilBibl$Z2$F90261 $81 941 1 $a4 961 $aAcquisto: Martini Card. Carlo Maria 996 $6020$a971-501-759-2$9(OLS)http://semarc/number/95777 996 $6245$aLike his brothers and sisters :$bordaining community leaders$9(OLS)http://semarc/title/164871 996 $6260$a[s.l.] :$bClaretian Publications$9(OLS)http://semarc/publisher/45285